000 00634nam a2200217Ii 4500
003 JO-AjNU
008 230606s9999||||xx |||||||||||||| ||und||
020 _a0-03-098697-4
040 _aJO-AjNU
_beng
_erda
_cJO-AjNU
041 _aeng
050 1 4 _aHF5635.P33 1994
100 3 _aPAHLER, ARNOLD J., JOSEPH E. MORI,
_eauthor
_96823
245 0 0 _aADVANCED ACCOUNTING : Concepts and Practice
250 _a5th ed
264 3 1 _aNew york: Dryden press,1994
300 _a290p
336 _atext
_btxt
_2rdacontent
337 _aunmediated
_bn
_2rdamedia
338 _avolume
_bnc
_2rdacarrier
650 4 _aADVANCED ACCOUNTING
_96824
999 _aE3557
_c3536
_d3536